000 01361cam a2200361 i 4500
001 13782735
003 EG-ScBUE
005 20230807112926.0
008 041116t2005 nyu f b 000 0ceng d
020 _a1591022800 (alk. paper)
020 _a9781591022800
040 _aDLC
_beng
_erda
_cDLC
_dDLC
_dEG-ScBUE
043 _an-us---
082 0 4 _222
_a920.073
_bHUM
100 1 _aHumphrey, Sandra McLeod,
_eauthor.
_914068
245 1 0 _aDare to dream ! :
_b25 extraordinary lives /
_cSandra McLeod Humphrey.
264 1 _aAmherst, N.Y. :
_bPrometheus Books,
_c[2005]
264 4 _cc2005
300 _a121 pages ;
_c23 cm
336 _2rdacontent
_atext
_btxt
337 _2rdamedia
_aunmediated
_bn
338 _2rdacarrier
_avolume
_bnc
504 _aIncludes bibliographical references.
650 7 _aHeroes
_zUnited States
_vBiography.
_2BUEsh
_914069
650 7 _aSuccessful people
_zUnited States
_vBiography.
_2BUEsh
_914070
650 7 _aAchievement motivation
_zUnited States.
_2BUEsh
_914071
650 7 _aAchievement motivation in youth
_zUnited States.
_2BUEsh
_914072
650 7 _aCourage.
_2BUEsh
_914073
655 _vReading book
856 4 1 _3Table of contents
_uhttp://www.loc.gov/catdir/toc/ecip054/2004027190.html
942 _2ddc
_cBB
999 _c14003
_d14003